Constitutional history of Indo-Pakistan sub-continent. (Record no. 62757)

MARC details
000 -LEADER
fixed length control field 00731cam a22002411 4500
001 - CONTROL NUMBER
control field sa 65002668
003 - CONTROL NUMBER IDENTIFIER
control field DLC
005 - DATE AND TIME OF LATEST TRANSACTION
control field 20260227112118.0
008 - FIXED-LENGTH DATA ELEMENTS--GENERAL INFORMATION
fixed length control field 871016s1964 pk 000 0 eng
010 ## - LIBRARY OF CONGRESS CONTROL NUMBER
LC control number sa 65002668
025 ## - OVERSEAS ACQUISITION NUMBER
Overseas acquisition number PL480:P-E-621
035 ## - SYSTEM CONTROL NUMBER
System control number (OCoLC)16861176
040 ## - CATALOGING SOURCE
Original cataloging agency DLC
Transcribing agency WaU
Modifying agency DLC
042 ## - AUTHENTICATION CODE
Authentication code premarc
050 00 - LIBRARY OF CONGRESS CALL NUMBER
Classification number JQ211
Item number .B6
100 1# - MAIN ENTRY--PERSONAL NAME
Personal name Bokhari, Abrar Hussain.
245 10 - TITLE STATEMENT
Title Constitutional history of Indo-Pakistan sub-continent.
Statement of responsibility, etc. With a foreword by A.S. Salam.
260 ## - PUBLICATION, DISTRIBUTION, ETC.
Place of publication, distribution, etc. Lahore,
Name of publisher, distributor, etc. M. Mohd Suleman Qureshi
Date of publication, distribution, etc. [1964]
300 ## - PHYSICAL DESCRIPTION
Extent xv, 223 p.
Dimensions 19 cm.
650 #0 - SUBJECT ADDED ENTRY--TOPICAL TERM
Topical term or geographic name entry element Constitutional history
Geographic subdivision India.
651 #0 - SUBJECT ADDED ENTRY--GEOGRAPHIC NAME
Geographic name India
General subdivision Politics and government.
651 #0 - SUBJECT ADDED ENTRY--GEOGRAPHIC NAME
Geographic name Pakistan
General subdivision Politics and government.

No items available.

Powered by Koha